Kluby, które wygrały Ligę Mistrzów - Statystyki

Ogólne statystyki
  • Ten quiz został rozwiązany 3 505 razy
  • Średni wynik to 14 z 23
Statystyki odpowiedzi
Drużyna Zwycięstwa Zwycięzca (lata) % Poprawnych
Real Madryt 15 1956, 1957, 1958, 1959, 1960, 1966, 1998, 2000, 2002, 2014, 2016, 2017, 2018, 2022, 2024
100%
FC Barcelona 5 1992, 2006, 2009, 2011, 2015
98%
Manchester City 1 2023
94%
A.C. Milan 7 1963, 1969, 1989, 1990, 1994, 2003, 2007
93%
Bayern Monachium 6 1974, 1975, 1976, 2001, 2013, 2020
92%
Liverpool F.C. 6 1977, 1978, 1981, 1984, 2005, 2019
90%
Manchester United 3 1968, 1999, 2008
89%
Inter Mediolan 3 1964, 1965, 2010
85%
Chelsea F.C. 2 2012, 2021
81%
Juventus Turyn 2 1985, 1996
74%
Ajax Amsterdam 4 1971, 1972, 1973, 1995
66%
Borussia Dortmund 1 1997
66%
FC Porto 2 1987, 2004
62%
Nottingham Forest 2 1979, 1980
50%
SL Benfica 2 1961, 1962
45%
Olympique Marsylia 1 1993
40%
Aston Villa 1 1982
36%
Hamburger SV 1 1983
30%
PSV Eindhoven 1 1988
28%
Crvena zvezda Belgrad 1 1991
27%
Celtic F.C. 1 1967
26%
Feyenoord Rotterdam 1 1970
20%
Steaua Bukareszt 1 1986
17%
Nie znaleziono quizów pasujących do podanych kryteriów
Rozkład punktacji
Procent ludzi z każdym wynikiem
Percentyl według liczby udzielonych odpowiedzi
Twoja historia wyników
Nie rozwiązałeś tego quizu